Property management in Malaysia

Bibliographic Details
Main Author: Gurjit Singh
Format: Book
Published: Shah Alam : Times Publications , c1995
Subjects:

MARC

LEADER 00000cam a2200000 7i4500
001 0000001732
005 20220519.0
020 |a 983580043X 
040 |a INS 
090 0 0 |a HD890.6.Z63   |b G962 1995 
100 0 |a Gurjit Singh 
245 1 0 |a Property management in Malaysia   |c Gurjit Singh 
260 |a Shah Alam :   |b Times Publications ,   |c c1995 
300 |a xi, 172p. ;   |c 25cm. 
504 |a Includes bibliographical references and index 
650 0 0 |a Real estate investment   |x Law and legislation   |y Malaysia 
650 0 0 |a Real estate investment   |x Malaysia 
999 |a 0000006433   |b BOOK   |c Open Shelf   |e Default branch 
999 |a 0000007186   |b BOOK   |c Open Shelf   |e Default branch 
999 |a 0000008777   |b BOOK   |c Open Shelf   |e Default branch